Revista de derecho laboral 2008 - 2 : discriminación y violencia laboral - I /
Guardado en:
| Formato: | Libro |
|---|---|
| Idioma: | Spanish |
| Publicado: |
Santa Fe :
Rubinzal - Culzoni,
2008.
|
| Edición: | 1a. ed. |
| Materias: | |
| Etiquetas: |
Agregar Etiqueta
Sin Etiquetas, Sea el primero en etiquetar este registro!
|
| LEADER | 00588nam a22001695a 4500 | ||
|---|---|---|---|
| 001 | DER.der008202 | ||
| 008 | 180615s2008####ag#||||||||||||||#||spa|| | ||
| 005 | 20250602145148.0 | ||
| 245 | 1 | 0 | |a Revista de derecho laboral 2008 - 2 : |b discriminación y violencia laboral - I / |c dirigido por Mario E. Ackerman, y Valentín Rubio. |
| 250 | |a 1a. ed. | ||
| 260 | |a Santa Fe : |b Rubinzal - Culzoni, |c 2008. | ||
| 300 | |a 632 p. | ||
| 020 | |a 9789507279560 | ||
| 100 | 1 | |a Ackerman, Mario E., |e dir. | |
| 700 | 1 | |a Rubio, Valentín, |e dir. | |
| 650 | 7 | |a DERECHO LABORAL | |
| 859 | |a DERECHO |b BIB. DERECHO |h 344.01 |i REV |p 006099 | ||
